| 000 | 05425cam a22018254i 4500 | ||
|---|---|---|---|
| 003 | PE-LiUPU | ||
| 005 | 20250813165807.0 | ||
| 008 | 150706s2008 ag a r 000 0 spa d | ||
| 020 | _a950060602X | ||
| 020 | _a9789500606028 | ||
| 035 | _a(Sirsi) i9789500606028 | ||
| 040 |
_aPE-LiUPU _bspa _cPE-LiUPU _dPE-LiUPU _erda |
||
| 049 | _aPRUA | ||
| 082 | 0 | 4 |
_a611.018 _bE98 _221 |
| 100 | 1 |
_aEynard, Aldo R., _eautor. |
|
| 245 | 1 | 0 |
_aHistología y embriología del ser humano : _bbases celulares y moleculares / _cAldo R. Eynard, Mirta A. Valentich, Roberto A. Rovasio. |
| 264 | 1 |
_aBuenos Aires : _bMédica Panamericana, _c2008. |
|
| 300 |
_a660 páginas : _bilustraciones ; _c28 centímetros |
||
| 336 |
_atext _2rdacontent |
||
| 337 |
_aunmediated _2rdamedia |
||
| 338 |
_avolume _2rdacarrier |
||
| 505 | 0 | _aUn enfoque evolutivo de la célula -- Métodos generales para el estudio de las células y los tejidos -- El núcleo como centro interactivo del control celular -- Líneas de montaje, tránsito y destino de macromoléculas y membranas para exportación y para uso interno -- Evolución de las fuentes de energía y su transformación -- Relaciones de la célula hacia su interior y con su medio exterior -- Interacciones celulares, patrones complejos e histogénesis -- Componentes celulares y moleculares involucrados en etapas tempranas del desarrollo embrionario -- Las funciones de revestimiento, protección, comunicación y producción -- Las actividades de defensa y reparación del cuerpo -- Los movimientos del cuerpo, de las vísceras y del sistema cardiocirculatorio -- Comunicación entre células, tejidos, órganos y medio externo -- Interacción entre tejidos para la formación de órganos -- Sistemas sensoriales: recepción de señales y elaboración de respuestas -- Funciones metabólicas de nutrición, excreción y respiración -- Continuidad de la especie: sistemas reproductores masculino y femenino -- Interacciones materno-fetal-neonatal: placenta y glándula mamaria -- Desarrollo embrionario patológico: bases genéticas y ambientales (epigenéticas) de las malformaciones. | |
| 526 | _aP203 | ||
| 526 | _aP200 | ||
| 526 | _aSEG65 | ||
| 526 | _aSEG64 | ||
| 526 | _aSEG63 | ||
| 526 | _aSEG62 | ||
| 526 | _aSEG61 | ||
| 526 | _aSEG60 | ||
| 526 | _aSEG59 | ||
| 526 | _aSEG58 | ||
| 526 | _aSEG57 | ||
| 526 | _aSEG56 | ||
| 526 | _aSEG55 | ||
| 526 | _aSEG54 | ||
| 526 | _aSEG53 | ||
| 526 | _aSEG52 | ||
| 526 | _aSEG51 | ||
| 526 | _aSEG50 | ||
| 526 | _aSEG49 | ||
| 526 | _aSEG48 | ||
| 526 | _aSEG47 | ||
| 526 | _aSEG46 | ||
| 526 | _aSEG24 | ||
| 526 | _aSEG23 | ||
| 526 | _aSEG22 | ||
| 526 | _aSEG21 | ||
| 526 | _aSEG20 | ||
| 526 | _aSEG19 | ||
| 526 | _aSEG18 | ||
| 526 | _aSEG17 | ||
| 526 | _aSEG16 | ||
| 526 | _aSEG14 | ||
| 526 | _aSEG13 | ||
| 526 | _aSEG12 | ||
| 526 | _aSEG11 | ||
| 526 | _aSEG10 | ||
| 526 | _aSEG09 | ||
| 526 | _aSEG06 | ||
| 526 | _aSEG05 | ||
| 526 | _aSEG04 | ||
| 526 | _aSEG03 | ||
| 526 | _aSEG02 | ||
| 526 | _aSEG68 | ||
| 526 | _aSEG66 | ||
| 526 | _aSEG45 | ||
| 526 | _aSEG25 | ||
| 526 | _aSEG01 | ||
| 526 | _aP163 | ||
| 526 | _aP162 | ||
| 526 | _aP161 | ||
| 526 | _aP160 | ||
| 526 | _aP159 | ||
| 526 | _aP158 | ||
| 526 | _aP157 | ||
| 526 | _aP156 | ||
| 526 | _aP155 | ||
| 526 | _aP154 | ||
| 526 | _aP153 | ||
| 526 | _aP152 | ||
| 526 | _aP151 | ||
| 526 | _aP150 | ||
| 526 | _aP149 | ||
| 526 | _aP142 | ||
| 526 | _aP141 | ||
| 526 | _aP140 | ||
| 526 | _aP139 | ||
| 526 | _aP138 | ||
| 526 | _aP137 | ||
| 526 | _aP132 | ||
| 526 | _aP131 | ||
| 526 | _aP130 | ||
| 526 | _aP126 | ||
| 526 | _aP125 | ||
| 526 | _aP124 | ||
| 526 | _aP123 | ||
| 526 | _aP115 | ||
| 526 | _aP122 | ||
| 526 | _aP121 | ||
| 526 | _aP116 | ||
| 526 | _a P114 | ||
| 526 | _aP112 | ||
| 526 | _aP111 | ||
| 526 | _aP104 | ||
| 526 | _aP103 | ||
| 526 | _aP102 | ||
| 526 | _aP101 | ||
| 526 | _aP100 | ||
| 526 | _aP96 | ||
| 526 | _aP95 | ||
| 526 | _aP93 | ||
| 526 | _aP92 | ||
| 526 | _aP91 | ||
| 526 | _aP88 | ||
| 526 | _aP83 | ||
| 526 | _aP82 | ||
| 526 | _aP79 | ||
| 526 | _aP78 | ||
| 526 | _aP75 | ||
| 526 | _aP74 | ||
| 526 | _aP71 | ||
| 526 | _aP69 | ||
| 526 | _a P51 | ||
| 526 | _aP49 | ||
| 526 | _aP48 | ||
| 526 | _aP47 | ||
| 526 | _aP33 | ||
| 526 | _aP31 | ||
| 526 | _a P30 | ||
| 526 | _aP29 | ||
| 526 | _aP27 | ||
| 526 | _aP26 | ||
| 526 | _aP25 | ||
| 526 | _aP24 | ||
| 526 | _a P22 | ||
| 526 | _aP10 | ||
| 526 | _aP09 | ||
| 526 | _a P08 | ||
| 526 | _aP06 | ||
| 526 | _aP05 | ||
| 526 | _aP04 | ||
| 526 | _aP01 | ||
| 541 | _g015-0011456; | ||
| 650 | 0 | 4 | _aEmbriología. |
| 650 | 0 | 4 |
_aHistología. _9665 |
| 700 | 1 |
_aRovasio, Roberto A., _eautor. |
|
| 700 | 1 |
_aValentich, Mirta A., _eautor. |
|
| 910 |
_bjv _clch _d20100506 |
||
| 942 |
_2ddc _cBOOK |
||
| 949 |
_a611.018 E98 _wDEWEY _c1 _i61500 _d2016-10-19 _e2016-10-17 _lCCODEBUL1 _mBUL _n16 _p71.00 _r0 _sY _tBOOK _u2015-7-6 _xSALUD _PP22 _0COMPRA _o.STAFF. Colección Ciencias de la Salud |
||
| 994 |
_aC0 _bPEPRU |
||
| 596 | _a1 | ||
| 999 |
_a611.018 E98 _wDEWEY _c50713 _i61500 _d50713 _e2022-7-4 _f2021-11-3 _g6 _lCCODEBUL1 _mBUL _n23 _p71.00 _q9 _r0 _sY _tBOOK _u2015-7-6 _xSALUD _zP22 _0COMPRA _o.STAFF. Colección Ciencias de la Salud |
||
| 980 |
_81 _gALBERTO SANCHEZ Responsable de Automatización |
||